| Tag |
First Indicator |
Second Indicator |
Subfields |
| LEADER |
00000cam a2200000 4500 |
| 001 |
in00000694591 |
| 005 |
20160718084556.0 |
| 008 |
790711c19641963nbub b 00010 eng |
| 010 |
|
|
|a 62014664
|
| 035 |
|
|
|a (OCoLC)05160784
|
| 035 |
|
|
|9 ADC5293AM
|
| 040 |
|
|
|a DLC
|c CCH
|d SER
|d m.c.
|d TXA
|d UtOrBLW
|
| 049 |
|
|
|a TXAS
|c 2 [A08592545]
|a TXAM
|c 1 [369200]
|
| 050 |
0 |
0 |
|a F591
|b .D544
|
| 082 |
0 |
|
|a 917.8
|
| 100 |
1 |
|
|a Dick, Everett
|q (Everett Newfon),
|d 1898-1989.
|
| 245 |
1 |
0 |
|a Tales of the frontier ;
|b from Lewis and Clark to the last roundup /
|c Selected and retold by Everett Dick.
|
| 264 |
|
1 |
|a Lincoln :
|b University of Nebraska Press,
|c [1964]
|
| 264 |
|
4 |
|c [©1963]
|
| 300 |
|
|
|a 390 pages :
|b maps. ;
|c 24 cm.
|
| 336 |
|
|
|a text
|b txt
|2 rdacontent
|
| 337 |
|
|
|a unmediated
|b n
|2 rdamedia
|
| 338 |
|
|
|a volume
|b nc
|2 rdacarrier
|
| 504 |
|
|
|a Bibliography: pages 383-390.
|
| 500 |
|
|
|a The Cushing Library/Lit./Dobie copy was acquired as part of Jeff C. Dykes' J. Frank Dobie Collection.
|
| 650 |
|
0 |
|a Frontier and pioneer life
|z West (U.S.)
|
| 651 |
|
0 |
|a West (U.S.)
|x History.
|
| 999 |
|
|
|a MARS
|
| 999 |
f |
f |
|s 0ca91dd0-5898-3611-9fd2-a23cb042a97a
|i a04d60c3-b90d-3305-8c6a-921b4911cd61
|t 0
|
| 952 |
f |
f |
|p ric
|a Texas A&M University
|b Rellis Campus
|c Joint Library Facility
|d Remote Storage
|t 0
|e F591 .D544
|h Library of Congress classification
|i unmediated -- volume
|m A14801437134
|
| 952 |
f |
f |
|p noncirc
|a Texas A&M University
|b College Station
|c Cushing Memorial Library & Archives
|d Cushing: Literature/Dobie (Does not check out)
|t 0
|e F591 .D544
|h Library of Congress classification
|i unmediated -- volume
|m A14808592545
|
| 998 |
f |
f |
|a F591 .D544
|t 0
|l Remote Storage
|
| 998 |
f |
f |
|a F591 .D544
|t 0
|l Cushing: Literature/Dobie (Does not check out)
|